000 01024nam a2200265Ia 4500
003 OSt
005 20221005112651.0
006 a|||||r|||| 00| 0
007 ta
008 221004b |||||||| |||| 00| 0 pan d
020 _a9788173292385 (hbk)
_c300
024 _a104528
037 _b7830/IV, 31/01/2011, Arsee Publishers
_cTextual
040 _aCRL
_cCRL
_bpan
041 _2pan
_apan
082 _aO153,3N341:g, P9
100 _aਦੁੱਗਲ, ਨਵਨੀਤ ਕੌਰ
245 0 _aਅਜੀਤ ਕੌਰ ਦੀਆਂ ਗਲਪੀ ੑ ਰਚਨਾਵਾਂ ਦੀ ਨਾਰੀਵਾਦੀ ੑ ਆਲੋਚਨਾ
260 _aਦਿੱਲੀ
_bfਲਾਲੇਖ ਭਾਰਤ
_c2009
300 _a208ਪੰ
_ccm.
650 _a ਅਜੀਤ ਕੌਰ ਆਲੋਚਨਾ
_9624392
650 _aਪੰਜਾਬੀ ਸਾਹਿਤ
942 _hO153,3N341:g, P9
_cTEXL
_2cc
999 _c1025593
_d1025593